Chế độ kế toán doanh nghiệp

Kaydedildi:
Detaylı Bibliyografya
Müşterek Yazar: Bộ Tài Chính
Materyal Türü: Kitap
Dil:Undetermined
Baskı/Yayın Bilgisi: Hà Nội Lao động 2014
Konular:
Etiketler: Etiketle
Etiket eklenmemiş, İlk siz ekleyin!
Thư viện lưu trữ: Trung tâm Học liệu Trường Đại học Cần Thơ
LEADER 00589nam a2200205Ia 4500
001 CTU_194599
008 210402s9999 xx 000 0 und d
020 |c 125000 
082 |a 657.8 
082 |b B450/Q.1 
110 |a Bộ Tài Chính 
245 0 |a Chế độ kế toán doanh nghiệp 
245 0 |c Bộ Tài Chính 
260 |a Hà Nội 
260 |b Lao động 
260 |c 2014 
650 |a Business,Managerial accounting 
650 |x Accounting 
650 |y Kế toán quản trị 
980 |a Trung tâm Học liệu Trường Đại học Cần Thơ